000 00785cam a22002777a 4500
003 CHAP
005 20220329135857.0
008 971013s1941 r 00010 d
010 _a43693
011 _a44665
035 _a48803
040 _cCHAP
082 _a580
_bF85p
100 0 0 _aFuller, Harry James.
_943932
245 1 4 _aThe plant world
260 _aNew York :
_bMenry Holt,
_c1941
300 _a592 p.
_b: ilus.
590 _aBATCH-UPD
_b10
_c20130110
_lUCH01
_h1819
590 _aBATCH-UPD
_b10
_c20130410
_lUCH01
_h1153
590 _aBATCH-UPD
_b10
_c20130914
_lUCH01
_h0732
590 _aCONVERSION
_b10
_c20130109
_lUCH01
_h1324
650 1 4 _aBotánica.
_914477
901 _aBK
942 _cLIBRO
949 _a580 F85p
_bBC
_cLIBRO
_d33724000500997
_eLIBRO
_h26698
_i48803
_si
999 _c43693
_d43693